000 00417 a2200157 4500
003 NUST
005 20230309183444.0
040 _cNust
082 _a891.439,TAR
100 _aTarar, Mustansar Hussain
_93135
245 _aMoorat /مورت (Urdu) /
_cMustansar Hussain Tarar
260 _aLahore
_bSange-e-Meel
_c1994
300 _a215:p.
650 _aUrdu Literature
_xDrama
_9110108
942 _2ddc
_cBK
_k891.439,TAR
999 _c188080
_d188080